|
|
|
|
| LEADER |
00000cam a2200000 7i4500 |
| 001 |
0000000065 |
| 005 |
20000627.0 |
| 020 |
0 |
0 |
|a 9676110094
|
| 090 |
0 |
0 |
|a 302.2
|b ZUL 2000
|
| 100 |
0 |
0 |
|a ZULKIFLI Yusof
|
| 245 |
1 |
0 |
|a Sukarkah komunikasi anda? :
|b Seni berhubung dengan orang lain
|c Zulkifli Yusof
|
| 260 |
0 |
0 |
|a Kuala Lumpur :
|b Utusan Pub. ,
|c 2000
|
| 300 |
|
|
|a viii, 126 p. ;
|c 22 cm.
|
| 440 |
0 |
0 |
|a Siri motivasi dan kecemerlangan Utusan
|
| 650 |
0 |
0 |
|a Communication
|
| 650 |
0 |
0 |
|a Communication
|x Social aspects
|
| 650 |
0 |
0 |
|a Interpersonal communication
|
| 999 |
|
|
|a 0000001278
|b Monograph
|c Open Shelf
|e Default branch
|